书目信息 |
| 题名: |
淡水观赏鱼
|
|
| 作者: | 王玮 齐继光 | |
| 分册: | ||
| 出版信息: | 北京 科学出版社 2002 |
|
| 页数: | 128 | |
| 开本: | 26cm | |
| 丛书名: | ||
| 单 册: | ||
| 中图分类: | Q959.4 | |
| 科图分类: | ||
| 主题词: | 动物学:分类学 | |
| 电子资源: | ||
| ISBN: | 7-03-010382-3 | |
| 000 | 00527nam0 2200181 450 | |
| 001 | 0741144344 | |
| 005 | 20070817112544.34 | |
| 010 | @a7-03-010382-3@d¥60.00 | |
| 100 | @a20070817d km y0chiy0120 ea | |
| 101 | 0 | @achi |
| 200 | 1 | @a淡水观赏鱼@Adan shui guan shang yu@f王玮 齐继光@Fwang wei qi ji guang |
| 210 | @a北京@c科学出版社@d2002 | |
| 215 | @a128@c彩图@d26cm | |
| 606 | 0 | @a动物学:分类学 |
| 690 | @aQ959.4@v3 | |
| 701 | 0 | @a王玮 齐继光@Awang wei qi ji guang |
| 801 | 0 | @aCN@bPFT@c20070817 |
| 905 | @a213230@dQ959.4@en4@f1 | |
| 淡水观赏鱼/王玮 齐继光.-北京:科学出版社,2002 |
| 128:彩图;26cm |
| ISBN 7-03-010382-3:¥60.00 |
| ● |
| 相关链接 |
|
|
|
|
正题名:淡水观赏鱼
索取号:Q959.4/n4
 
预约/预借
| 序号 | 登录号 | 条形码 | 馆藏地/架位号 | 状态 | 备注 |
| 1 | 6600463 | 266004637 | 生命科学系资料室/ [索取号:Q959.4/n4] | 在馆 |